000 00484nab a22001457 4500
003 ES-SlBCS
005 20260303171836.0
008 250426s2026 sp ||||| |||| 00| 0 spa d
040 _aES-SlBCS
_bspa
041 _aspa
100 1 _aEckholt, Margit
_912187
245 1 1 _a«Fortalecer la sinodalidad de forma sostenible». El Camino Sinodal de la Iglesia local en Alemania
_cMargit Eckholt
773 0 _gNúm. 414, 2026, págs. 127-136
_tConcilium
_wRev134
_x0210-1041
942 _2lcc
_cAR
999 _c903975
_d903975